000 01011cam a22002531 4500
001 l 48000045
003 DLC
005 20260227111540.0
008 800514s1948 dcu f000 0 eng c
010 _al 48000045
035 _a(OCoLC)6315729
040 _aU.S. Dept. of Labor. Library
_cOCl
_dDLC
042 _apremarc
050 0 0 _aHD4935.U4
_bA55 1947
082 _a331.2973
110 1 _aUnited States.
_bNational Wage Stabilization Board.
245 0 4 _aThe National Wage Stabilization Board, January 1, 1946-February 24, 1947.
_bA documentary history of the Board together with brief explanations of its formation, organization, and activities.
260 _aWashington,
_bU.S. Govt. Print. Off.
_c[1948]
300 _aviii, 594 p.
_c24 cm.
490 1 _aHistorical reports on war administration.
610 1 0 _aUnited States.
_bNational Wage Stabilization Board.
650 0 _aWages
_zUnited States.
810 1 _aUnited States.
_tUnited States Government historical reports on war administration.
999 _c36607
_d36607